000
00260nam a2200097Ia 4500
008
200302s9999 xx 000 0 und d
100
_a
Henri Stierlin & Other
245
_a
Architecture of the World Mayan
260
_b
Benedikt Taschen Verlag Gmbh
300
_a
192 P.,
999
_c
853
_d
853